000 00556nam a2200229Ia 4500
003 OSt
005 20221006152955.0
006 a|||||r|||| 00| 0
007 ta
008 221006b |||||||| |||| 00| 0 chi d
020 _c
_10.00
024 _a30,705
037 _cTextual
040 _aEASL
_cEASL
_bchi
041 _2chi
_achi
100 _aBAUM R
_9646553
245 0 _aPrelude to revolution
260 _aNew York
_bColumbia University Press
_c1975
300 _a222p.
_ccm.
942 _cTEXL
_2CC
999 _c1098791
_d1098791